[Event "Greek Team Championship"]
[Site "chess24.com"]
[Date "2017.07.06"]
[Round "5"]
[White "Lentzos, Ioanis"]
[Black "Papakonstantinou, Dimitrios"]
[Result "1/2-1/2"]
[Board "8"]
[WhiteElo "2038"]
[WhiteCountry "GRE"]
[WhiteFideId "4255470"]
[WhiteEloChange "-1"]
[BlackElo "2002"]
[BlackCountry "GRE"]
[BlackFideId "4250990"]
[BlackEloChange "1"]

1. c4 {[%clk 1:30:53]} e5 {[%clk 1:29:51]} 2. Nc3 {[%clk 1:31:17]} Nf6 {[%clk
1:29:59]} 3. Nf3 {[%clk 1:31:22]} d6 {[%clk 1:30:21]} 4. d4 {[%clk 1:27:31]} Nbd7
{[%clk 1:30:19]} 5. g3 {[%clk 1:25:20]} Be7 {[%clk 1:29:41]} 6. Bg2 {[%clk
1:25:15]} O-O {[%clk 1:30:05]} 7. O-O {[%clk 1:24:40]} c6 {[%clk 1:29:27]} 8. Qc2
{[%clk 1:20:24]} Qc7 {[%clk 1:28:24]} 9. b3 {[%clk 1:11:54]} Rb8 {[%clk 1:28:22]}
10. Bb2 {[%clk 1:06:32]} Re8 {[%clk 1:19:21]} 11. Rac1 {[%clk 0:57:00]} Bf8
{[%clk 1:17:56]} 12. Rfd1 {[%clk 0:51:25]} a6 {[%clk 1:12:13]} 13. e4 {[%clk
0:43:05]} g6 {[%clk 1:03:16]} 14. Qd2 {[%clk 0:36:52]} Qa5 {[%clk 0:47:20]} 15.
a3 {[%clk 0:32:53]} b5 {[%clk 0:22:47]} 16. b4 {[%clk 0:29:29]} Qb6 {[%clk
0:23:14]} 17. c5 {[%clk 0:28:41]} dxc5 {[%clk 0:22:22]} 18. dxc5 {[%clk 0:28:56]}
Qc7 {[%clk 0:22:39]} 19. Bh3 {[%clk 0:26:26]} Bg7 {[%clk 0:08:13]} 20. Kg2 {[%clk
0:18:41]} Rb7 {[%clk 0:06:12]} 21. Qd6 {[%clk 0:17:49]} Nf8 {[%clk 0:03:47]} 22.
Bxc8 {[%clk 0:17:33]} Qxc8 {[%clk 0:04:15]} 23. Qd2 {[%clk 0:10:47]} N6d7 {[%clk
0:04:41]} 24. Rc2 {[%clk 0:06:12]} Ne6 {[%clk 0:05:07]} 25. Qe1 {[%clk 0:06:06]}
Nd4 {[%clk 0:03:06]} 26. Rcd2 {[%clk 0:06:03]} f5 {[%clk 0:03:08]} 27. Nb1 {[%clk
0:03:16]} Nxf3 {[%clk 0:03:03]} 28. Kxf3 {[%clk 0:03:41]} fxe4+ {[%clk 0:03:27]}
29. Qxe4 {[%clk 0:02:46]} Nf6 {[%clk 0:03:55]} 30. Qc2 {[%clk 0:03:05]} Qh3
{[%clk 0:04:21]} 31. Rd8 {[%clk 0:02:31]} Re7 {[%clk 0:01:42]} 32. Ke2 {[%clk
0:02:14]} Qxh2 {[%clk 0:02:08]} 33. Rxe8+ {[%clk 0:02:29]} Rxe8 {[%clk 0:02:37]}
34. Nd2 {[%clk 0:02:58]} Qh5+ {[%clk 0:02:50]} 35. Ke1 {[%clk 0:03:05]} e4 {[%clk
0:02:41]} 36. Nf1 {[%clk 0:02:57]} Nd5 {[%clk 0:01:49]} 37. Bxg7 {[%clk 0:02:54]}
Kxg7 {[%clk 0:02:18]} 38. Ne3 {[%clk 0:02:40]} Qh1+ {[%clk 0:02:34]} 39. Ke2
{[%clk 0:02:52]} Qf3+ {[%clk 0:03:00]} 40. Ke1 {[%clk 0:33:19]} Nxe3 {[%clk
0:33:24]} 41. Qc3+ {[%clk 0:33:45]} Kf7 {[%clk 0:29:51]} 42. Qxe3 {[%clk
0:32:25]} Qh1+ {[%clk 0:28:18]} 43. Ke2 {[%clk 0:32:44]} Qh5+ {[%clk 0:28:45]}
44. Ke1 {[%clk 0:32:37]} Qh1+ {[%clk 0:29:09]} 1/2-1/2

[Event "Greek Team Championship"]
[Site "chess24.com"]
[Date "2017.07.06"]
[Round "5"]
[White "Karagiannis, Emmanouil"]
[Black "Makris, Spyridon-Dionysios"]
[Result "0-1"]
[Board "9"]
[WhiteElo "1338"]
[WhiteCountry "GRE"]
[WhiteFideId "4292197"]
[WhiteEloChange "-2"]
[BlackElo "1859"]
[BlackCountry "GRE"]
[BlackFideId "25801376"]
[BlackEloChange "2"]

1. e4 {[%clk 1:30:57]} e5 {[%clk 1:30:57]} 2. Nf3 {[%clk 1:31:23]} Nc6 {[%clk
1:31:25]} 3. d4 {[%clk 1:31:48]} exd4 {[%clk 1:31:53]} 4. Bc4 {[%clk 1:32:12]}
Nf6 {[%clk 1:32:20]} 5. e5 {[%clk 1:32:38]} d5 {[%clk 1:32:45]} 6. Bb5 {[%clk
1:33:06]} Ne4 {[%clk 1:33:11]} 7. Nxd4 {[%clk 1:33:30]} Bd7 {[%clk 1:33:39]} 8.
Bxc6 {[%clk 1:33:52]} bxc6 {[%clk 1:34:06]} 9. O-O {[%clk 1:34:14]} Bc5 {[%clk
1:34:25]} 10. f3 {[%clk 1:34:39]} Ng5 {[%clk 1:34:51]} 11. f4 {[%clk 1:35:06]}
Ne4 {[%clk 1:35:18]} 12. Be3 {[%clk 1:35:06]} Bb6 {[%clk 1:35:05]} 13. Nc3 {[%clk
1:35:53]} Nxc3 {[%clk 1:28:33]} 14. bxc3 {[%clk 1:36:15]} O-O {[%clk 1:18:30]}
15. Qf3 {[%clk 1:35:54]} Qe7 {[%clk 1:12:21]} 16. Rae1 {[%clk 1:28:38]} Rae8
{[%clk 1:00:40]} 17. Qg3 {[%clk 1:21:36]} c5 {[%clk 1:00:27]} 18. Nb3 {[%clk
1:05:22]} c4 {[%clk 0:55:50]} 19. Nd4 {[%clk 1:02:28]} f6 {[%clk 0:32:11]} 20. e6
{[%clk 0:46:56]} Bxe6 {[%clk 0:31:44]} 21. f5 {[%clk 0:46:50]} Bd7 {[%clk
0:31:47]} 22. Ne6 {[%clk 0:47:01]} Bxe6 {[%clk 0:32:14]} 23. Bxb6 {[%clk
0:46:12]} axb6 {[%clk 0:32:27]} 24. Rxe6 {[%clk 0:37:48]} Qc5+ {[%clk 0:32:54]}
25. Kh1 {[%clk 0:38:03]} Re7 {[%clk 0:30:07]} 26. Rfe1 {[%clk 0:24:45]} Rfe8
{[%clk 0:30:12]} 27. Rxe7 {[%clk 0:25:00]} Rxe7 {[%clk 0:30:37]} 28. Rxe7 {[%clk
0:25:25]} Qxe7 {[%clk 0:31:05]} 29. h3 {[%clk 0:25:41]} Qe5 {[%clk 0:19:04]} 30.
Qf3 {[%clk 0:24:08]} g6 {[%clk 0:18:25]} 31. fxg6 {[%clk 0:15:28]} hxg6 {[%clk
0:18:50]} 32. Qg4 {[%clk 0:12:08]} Kg7 {[%clk 0:19:14]} 33. Qf3 {[%clk 0:12:16]}
f5 {[%clk 0:18:23]} 34. a3 {[%clk 0:07:43]} Kf6 {[%clk 0:18:25]} 35. a4 {[%clk
0:03:39]} Qe1+ {[%clk 0:17:44]} 36. Kh2 {[%clk 0:04:03]} c6 {[%clk 0:18:12]} 37.
Qf4 {[%clk 0:01:38]} Qe5 {[%clk 0:18:17]} 38. g3 {[%clk 0:01:55]} Qe2+ {[%clk
0:18:17]} 39. Kg1 {[%clk 0:01:50]} Qd1+ {[%clk 0:18:36]} 40. Kh2 {[%clk 0:31:53]}
Qxc2+ {[%clk 0:48:44]} 41. Kg1 {[%clk 0:32:19]} Qd1+ {[%clk 0:48:36]} 42. Kh2
{[%clk 0:32:16]} Qe2+ {[%clk 0:49:02]} 43. Kg1 {[%clk 0:32:38]} Qe5 {[%clk
0:49:09]} 44. Qf3 {[%clk 0:32:28]} Qe4 {[%clk 0:49:00]} 45. Qf2 {[%clk 0:32:41]}
d4 {[%clk 0:49:11]} 46. cxd4 {[%clk 0:31:50]} c3 {[%clk 0:49:35]} 47. Kh2 {[%clk
0:31:11]} c2 {[%clk 0:49:37]} 48. Qd2 {[%clk 0:31:14]} g5 {[%clk 0:48:06]} 49. h4
{[%clk 0:31:29]} f4 {[%clk 0:48:01]} 50. h5 {[%clk 0:30:07]} fxg3+ {[%clk
0:47:26]} 51. Kg1 {[%clk 0:29:38]} g2 {[%clk 0:47:03]} 0-1

[Event "Greek Team Championship"]
[Site "chess24.com"]
[Date "2017.07.06"]
[Round "5"]
[White "Fragkos, Vasileios"]
[Black "Gavriil, Odysseas-Panagiotis"]
[Result "0-1"]
[Board "10"]
[WhiteElo "1453"]
[WhiteCountry "GRE"]
[WhiteFideId "25832646"]
[WhiteEloChange "-4"]
[BlackElo "1679"]
[BlackCountry "GRE"]
[BlackFideId "4298012"]
[BlackEloChange "4"]

1. e4 {[%clk 1:30:57]} Nf6 {[%clk 1:30:52]} 2. e5 {[%clk 1:31:19]} Nd5 {[%clk
1:31:16]} 3. d4 {[%clk 1:31:26]} d6 {[%clk 1:31:41]} 4. c4 {[%clk 1:31:30]} Nb6
{[%clk 1:32:06]} 5. f4 {[%clk 1:31:42]} dxe5 {[%clk 1:32:30]} 6. fxe5 {[%clk
1:32:05]} Nc6 {[%clk 1:32:53]} 7. Be3 {[%clk 1:32:15]} Bf5 {[%clk 1:33:17]} 8.
Nc3 {[%clk 1:32:15]} e6 {[%clk 1:33:40]} 9. Be2 {[%clk 1:25:16]} Qd7 {[%clk
1:25:54]} 10. c5 {[%clk 1:21:26]} Nd5 {[%clk 1:24:57]} 11. Nxd5 {[%clk 1:20:53]}
Qxd5 {[%clk 1:24:59]} 12. Nf3 {[%clk 1:21:00]} O-O-O {[%clk 1:22:36]} 13. Qd2
{[%clk 1:18:10]} f6 {[%clk 1:21:56]} 14. b4 {[%clk 1:10:34]} fxe5 {[%clk
1:18:26]} 15. dxe5 {[%clk 1:06:14]} Qe4 {[%clk 1:17:23]} 16. Qc3 {[%clk 1:00:10]}
Qxb4 {[%clk 1:17:31]} 17. Qxb4 {[%clk 1:00:20]} Nxb4 {[%clk 1:17:59]} 18. Kf2
{[%clk 0:57:49]} Nc2 {[%clk 1:12:14]} 19. Rac1 {[%clk 0:57:41]} Nxe3 {[%clk
1:12:13]} 20. Kxe3 {[%clk 0:57:59]} c6 {[%clk 1:09:38]} 21. Rhd1 {[%clk 0:56:23]}
Be7 {[%clk 1:09:33]} 22. h3 {[%clk 0:48:17]} h5 {[%clk 1:09:05]} 23. Rd6 {[%clk
0:39:55]} g5 {[%clk 1:07:50]} 24. Rc3 {[%clk 0:35:44]} g4 {[%clk 1:02:19]} 25.
hxg4 {[%clk 0:36:05]} hxg4 {[%clk 1:02:35]} 26. Nd4 {[%clk 0:36:22]} Bxd6 {[%clk
0:56:36]} 27. cxd6 {[%clk 0:36:40]} Rh2 {[%clk 0:52:39]} 28. Nxf5 {[%clk
0:33:33]} exf5 {[%clk 0:52:45]} 29. Bf1 {[%clk 0:32:24]} Kd7 {[%clk 0:52:04]} 30.
a4 {[%clk 0:32:13]} g3 {[%clk 0:51:27]} 31. Kf3 {[%clk 0:30:13]} Rh4 {[%clk
0:51:19]} 32. Bc4 {[%clk 0:26:03]} Re4 {[%clk 0:50:37]} 33. Kxg3 {[%clk 0:25:04]}
Rxe5 {[%clk 0:50:20]} 34. Kf4 {[%clk 0:24:57]} Ra5 {[%clk 0:48:52]} 35. Bb3
{[%clk 0:23:13]} Kxd6 {[%clk 0:48:52]} 36. Rc4 {[%clk 0:21:25]} Rc5 {[%clk
0:46:50]} 37. Rb4 {[%clk 0:20:43]} Kc7 {[%clk 0:47:11]} 38. Be6 {[%clk 0:20:50]}
a5 {[%clk 0:47:28]} 39. Rb2 {[%clk 0:20:43]} Rd4+ {[%clk 0:47:51]} 40. Kg5 {[%clk
0:50:56]} f4+ {[%clk 1:18:03]} 41. Kg4 {[%clk 0:50:46]} Rxa4 {[%clk 1:17:09]} 42.
Bf7 {[%clk 0:46:23]} f3+ {[%clk 1:16:33]} 43. Kxf3 {[%clk 0:44:28]} Rf5+ {[%clk
1:16:57]} 0-1

[Event "Greek Team Championship"]
[Site "chess24.com"]
[Date "2017.07.06"]
[Round "5"]
[White "Zysk, Robert"]
[Black "Nikolov, Momchil"]
[Result "0-1"]
[Board "1"]
[WhiteElo "2405"]
[WhiteTitle "IM"]
[WhiteCountry "GER"]
[WhiteFideId "4600410"]
[WhiteEloChange "-3"]
[BlackElo "2567"]
[BlackTitle "GM"]
[BlackCountry "BUL"]
[BlackFideId "2905710"]
[BlackEloChange "3"]

1. d4 {[%clk 1:30:57]} Nf6 {[%clk 1:27:27]} 2. c4 {[%clk 1:30:50]} e6 {[%clk
1:27:23]} 3. Nf3 {[%clk 1:31:14]} c5 {[%clk 1:27:34]} 4. Nc3 {[%clk 1:30:31]}
cxd4 {[%clk 1:27:38]} 5. Nxd4 {[%clk 1:30:58]} a6 {[%clk 1:27:42]} 6. e3 {[%clk
1:26:19]} d5 {[%clk 1:20:54]} 7. cxd5 {[%clk 1:24:51]} exd5 {[%clk 1:21:10]} 8.
Be2 {[%clk 1:24:53]} Nc6 {[%clk 1:17:44]} 9. O-O {[%clk 1:03:38]} Bd6 {[%clk
1:16:33]} 10. b3 {[%clk 1:02:53]} O-O {[%clk 1:15:34]} 11. Nxc6 {[%clk 1:03:15]}
bxc6 {[%clk 1:15:51]} 12. Bb2 {[%clk 1:03:38]} Qe7 {[%clk 1:06:03]} 13. Rc1
{[%clk 1:00:19]} Qe5 {[%clk 0:59:17]} 14. g3 {[%clk 1:00:35]} Bh3 {[%clk
0:56:53]} 15. Re1 {[%clk 0:58:36]} Qg5 {[%clk 0:52:49]} 16. Bf3 {[%clk 0:43:05]}
Rfe8 {[%clk 0:37:29]} 17. Qd3 {[%clk 0:36:48]} h5 {[%clk 0:30:05]} 18. Bg2 {[%clk
0:33:10]} Bxg2 {[%clk 0:26:56]} 19. Kxg2 {[%clk 0:33:32]} h4 {[%clk 0:24:31]} 20.
Ne2 {[%clk 0:31:06]} Ne4 {[%clk 0:22:42]} 21. Nf4 {[%clk 0:14:32]} c5 {[%clk
0:21:12]} 22. Rcd1 {[%clk 0:12:18]} Rad8 {[%clk 0:19:18]} 23. Qxa6 {[%clk
0:09:19]} d4 {[%clk 0:18:51]} 24. Qe2 {[%clk 0:04:57]} hxg3 {[%clk 0:16:43]} 25.
hxg3 {[%clk 0:02:10]} Nxg3 {[%clk 0:16:54]} 26. Qf3 {[%clk 0:02:02]} Nh5+ {[%clk
0:11:11]} 27. Kf1 {[%clk 0:02:22]} Nxf4 {[%clk 0:11:16]} 28. exf4 {[%clk
0:02:46]} Rxe1+ {[%clk 0:09:28]} 29. Rxe1 {[%clk 0:02:45]} Bxf4 {[%clk 0:09:53]}
30. Qd3 {[%clk 0:01:53]} Qh5 {[%clk 0:07:55]} 31. Re4 {[%clk 0:01:44]} Bc7 {[%clk
0:04:50]} 32. Ke1 {[%clk 0:01:33]} Ba5+ {[%clk 0:04:52]} 33. Kf1 {[%clk 0:01:47]}
f5 {[%clk 0:03:37]} 34. Re6 {[%clk 0:01:43]} Qh1+ {[%clk 0:03:57]} 35. Ke2 {[%clk
0:02:00]} Qe1+ {[%clk 0:04:21]} 0-1

[Event "Greek Team Championship"]
[Site "chess24.com"]
[Date "2017.07.06"]
[Round "5"]
[White "Markidis, Konstantinos"]
[Black "Panagiotakopoulos, Gerasimos"]
[Result "1/2-1/2"]
[Board "2"]
[WhiteElo "2370"]
[WhiteCountry "GRE"]
[WhiteFideId "4203500"]
[WhiteEloChange "-4"]
[BlackElo "2223"]
[BlackCountry "GRE"]
[BlackFideId "4210778"]
[BlackEloChange "4"]

1. e4 {[%clk 1:30:52]} c6 {[%clk 1:30:50]} 2. Nc3 {[%clk 1:29:35]} d5 {[%clk
1:31:11]} 3. d3 {[%clk 1:29:56]} dxe4 {[%clk 1:30:55]} 4. Nxe4 {[%clk 1:30:10]}
Nf6 {[%clk 1:31:19]} 5. Qe2 {[%clk 1:28:37]} Nxe4 {[%clk 1:31:33]} 6. dxe4 {[%clk
1:29:00]} e5 {[%clk 1:31:59]} 7. Bd2 {[%clk 1:25:31]} Be6 {[%clk 1:30:08]} 8. Nf3
{[%clk 1:24:34]} f6 {[%clk 1:30:03]} 9. g3 {[%clk 1:24:30]} Nd7 {[%clk 1:29:39]}
10. Bg2 {[%clk 1:24:42]} Be7 {[%clk 1:24:58]} 11. Nh4 {[%clk 1:18:25]} O-O {[%clk
1:20:07]} 12. Nf5 {[%clk 1:17:28]} Rf7 {[%clk 1:14:12]} 13. Nxe7+ {[%clk
1:12:55]} Qxe7 {[%clk 1:13:01]} 14. O-O {[%clk 1:13:15]} Rd8 {[%clk 1:04:11]} 15.
a3 {[%clk 1:01:49]} Nf8 {[%clk 0:58:28]} 16. Be3 {[%clk 0:58:37]} Qc7 {[%clk
0:57:08]} 17. Rfd1 {[%clk 0:50:45]} Rfd7 {[%clk 0:57:08]} 18. Rxd7 {[%clk
0:48:54]} Rxd7 {[%clk 0:57:31]} 19. Rd1 {[%clk 0:49:13]} b6 {[%clk 0:57:14]} 20.
Rd2 {[%clk 0:45:55]} Qd8 {[%clk 0:56:27]} 21. a4 {[%clk 0:44:25]} Rxd2 {[%clk
0:55:39]} 22. Qxd2 {[%clk 0:44:25]} Qxd2 {[%clk 0:56:01]} 23. Bxd2 {[%clk
0:44:50]} c5 {[%clk 0:53:48]} 24. Bf1 {[%clk 0:43:05]} Nd7 {[%clk 0:51:15]} 25.
a5 {[%clk 0:38:57]} Kf7 {[%clk 0:51:24]} 26. f4 {[%clk 0:36:58]} Ke7 {[%clk
0:51:40]} 27. Kf2 {[%clk 0:36:39]} Kd6 {[%clk 0:51:57]} 28. f5 {[%clk 0:36:20]}
Bf7 {[%clk 0:52:14]} 29. g4 {[%clk 0:36:44]} Nb8 {[%clk 0:46:53]} 30. h4 {[%clk
0:36:01]} Nc6 {[%clk 0:47:07]} 31. axb6 {[%clk 0:36:04]} axb6 {[%clk 0:47:29]}
32. g5 {[%clk 0:35:36]} Nd4 {[%clk 0:43:46]} 33. gxf6 {[%clk 0:35:06]} gxf6
{[%clk 0:44:02]} 34. c3 {[%clk 0:35:23]} Nc6 {[%clk 0:37:59]} 35. Bh6 {[%clk
0:34:46]} Ke7 {[%clk 0:38:05]} 36. Bb5 {[%clk 0:34:37]} Nd8 {[%clk 0:37:16]} 37.
b4 {[%clk 0:33:15]} Bb3 {[%clk 0:32:58]} 38. bxc5 {[%clk 0:22:21]} bxc5 {[%clk
0:33:19]} 39. Be3 {[%clk 0:20:31]} Kd6 {[%clk 0:33:32]} 40. Bh6 {[%clk 0:47:27]}
Ke7 {[%clk 1:03:56]} 41. Be3 {[%clk 0:33:04]} Kd6 {[%clk 1:04:16]} 1/2-1/2

[Event "Greek Team Championship"]
[Site "chess24.com"]
[Date "2017.07.06"]
[Round "5"]
[White "Zenelis, Konstantinos"]
[Black "Dimitrov, Atanas"]
[Result "0-1"]
[Board "3"]
[WhiteElo "2031"]
[WhiteCountry "GRE"]
[WhiteFideId "4204107"]
[WhiteEloChange "-4"]
[BlackElo "2291"]
[BlackTitle "IM"]
[BlackCountry "GRE"]
[BlackFideId "2901315"]
[BlackEloChange "4"]

1. e4 {[%clk 1:30:55]} c5 {[%clk 1:30:55]} 2. Nc3 {[%clk 1:31:08]} Nc6 {[%clk
1:31:10]} 3. g3 {[%clk 1:31:32]} g6 {[%clk 1:31:34]} 4. d3 {[%clk 1:31:52]} Bg7
{[%clk 1:31:53]} 5. Be3 {[%clk 1:31:49]} d6 {[%clk 1:31:30]} 6. Bg2 {[%clk
1:32:05]} e5 {[%clk 1:30:24]} 7. Nh3 {[%clk 1:27:16]} Nge7 {[%clk 1:19:03]} 8.
O-O {[%clk 1:27:31]} O-O {[%clk 1:19:15]} 9. f4 {[%clk 1:26:31]} Nd4 {[%clk
1:19:12]} 10. Qd2 {[%clk 1:25:16]} f6 {[%clk 1:08:25]} 11. Nd1 {[%clk 1:11:45]}
b6 {[%clk 1:05:16]} 12. c3 {[%clk 1:10:52]} Ndc6 {[%clk 1:05:38]} 13. d4 {[%clk
0:58:09]} exd4 {[%clk 0:45:39]} 14. cxd4 {[%clk 0:58:30]} f5 {[%clk 0:33:40]} 15.
d5 {[%clk 0:35:52]} Nd4 {[%clk 0:33:55]} 16. Nc3 {[%clk 0:32:14]} fxe4 {[%clk
0:29:59]} 17. Ng5 {[%clk 0:32:11]} Nef5 {[%clk 0:22:01]} 18. Rae1 {[%clk
0:31:51]} h6 {[%clk 0:17:37]} 19. Ngxe4 {[%clk 0:32:05]} Ba6 {[%clk 0:16:31]} 20.
Rf2 {[%clk 0:30:08]} Nxe3 {[%clk 0:16:50]} 21. Rxe3 {[%clk 0:30:23]} Nf5 {[%clk
0:17:05]} 22. Re1 {[%clk 0:28:15]} Bd4 {[%clk 0:17:29]} 23. Kh1 {[%clk 0:26:15]}
Bxf2 {[%clk 0:17:52]} 24. Qxf2 {[%clk 0:26:42]} Rf7 {[%clk 0:15:27]} 25. Bh3
{[%clk 0:22:01]} Qf8 {[%clk 0:14:50]} 26. Rg1 {[%clk 0:15:19]} Nd4 {[%clk
0:12:06]} 27. Rd1 {[%clk 0:12:13]} Re8 {[%clk 0:09:45]} 28. Qd2 {[%clk 0:08:44]}
Bc8 {[%clk 0:08:34]} 29. Bg2 {[%clk 0:08:42]} Bg4 {[%clk 0:08:04]} 30. Re1 {[%clk
0:07:53]} Nf3 {[%clk 0:06:21]} 31. Bxf3 {[%clk 0:07:42]} Bxf3+ {[%clk 0:06:49]}
32. Kg1 {[%clk 0:08:06]} Rfe7 {[%clk 0:06:47]} 33. Qd3 {[%clk 0:07:58]} Bxe4
{[%clk 0:07:00]} 0-1

[Event "Greek Team Championship"]
[Site "chess24.com"]
[Date "2017.07.06"]
[Round "5"]
[White "Antonoglou, Christos"]
[Black "Skourtis, Efstratios"]
[Result "1-0"]
[Board "4"]
[WhiteElo "1896"]
[WhiteCountry "GRE"]
[WhiteFideId "4296745"]
[WhiteEloChange "12"]
[BlackElo "1954"]
[BlackCountry "GRE"]
[BlackFideId "4204980"]
[BlackEloChange "-12"]

1. e4 {[%clk 1:30:52]} e6 {[%clk 1:29:44]} 2. d4 {[%clk 1:30:43]} b6 {[%clk
1:29:45]} 3. Nc3 {[%clk 1:29:02]} Bb7 {[%clk 1:29:56]} 4. Nf3 {[%clk 1:28:34]}
Bb4 {[%clk 1:29:38]} 5. Bd3 {[%clk 1:27:34]} Nf6 {[%clk 1:27:27]} 6. Nd2 {[%clk
1:19:11]} d5 {[%clk 1:22:18]} 7. e5 {[%clk 1:17:59]} Bxc3 {[%clk 1:20:41]} 8.
bxc3 {[%clk 1:17:39]} Nfd7 {[%clk 1:09:01]} 9. Qg4 {[%clk 1:16:36]} Kf8 {[%clk
1:04:09]} 10. O-O {[%clk 1:13:16]} c5 {[%clk 0:59:37]} 11. f4 {[%clk 1:11:42]} h5
{[%clk 0:54:14]} 12. Qh3 {[%clk 1:06:52]} g6 {[%clk 0:51:04]} 13. Nf3 {[%clk
1:01:14]} Nc6 {[%clk 0:50:18]} 14. Ng5 {[%clk 1:00:20]} Ne7 {[%clk 0:48:07]} 15.
g4 {[%clk 0:54:17]} Ke8 {[%clk 0:33:12]} 16. f5 {[%clk 0:52:09]} exf5 {[%clk
0:26:55]} 17. e6 {[%clk 0:48:57]} fxe6 {[%clk 0:23:49]} 18. Nxe6 {[%clk 0:48:43]}
Qc8 {[%clk 0:20:24]} 19. Bg5 {[%clk 0:45:36]} Ne5 {[%clk 0:13:12]} 20. Ng7+
{[%clk 0:45:21]} Kf7 {[%clk 0:12:37]} 21. dxe5 {[%clk 0:45:37]} hxg4 {[%clk
0:12:05]} 22. Qg3 {[%clk 0:42:07]} d4 {[%clk 0:08:21]} 23. Bc4+ {[%clk 0:32:59]}
Nd5 {[%clk 0:08:29]} 24. e6+ {[%clk 0:31:38]} Kxg7 {[%clk 0:05:36]} 25. Qe5+
{[%clk 0:31:49]} Kh7 {[%clk 0:05:54]} 26. Bxd5 {[%clk 0:31:34]} dxc3 {[%clk
0:04:40]} 27. Rad1 {[%clk 0:31:03]} Rb8 {[%clk 0:03:06]} 28. Bh1 {[%clk 0:29:58]}
Kg8 {[%clk 0:01:34]} 29. Bxb7 {[%clk 0:29:11]} Qxb7 {[%clk 0:01:35]} 30. Rd7
{[%clk 0:29:16]} 1-0

[Event "Greek Team Championship"]
[Site "chess24.com"]
[Date "2017.07.06"]
[Round "5"]
[White "Markantonaki, Haritomeni"]
[Black "Galunova, Tsveta"]
[Result "0-1"]
[Board "5"]
[WhiteElo "2222"]
[WhiteTitle "WFM"]
[WhiteCountry "GRE"]
[WhiteFideId "4207050"]
[WhiteEloChange "-11"]
[BlackElo "2175"]
[BlackCountry "BUL"]
[BlackFideId "2909995"]
[BlackEloChange "11"]

1. e4 {[%clk 1:30:56]} e5 {[%clk 1:27:36]} 2. Nf3 {[%clk 1:31:17]} Nc6 {[%clk
1:28:00]} 3. Bb5 {[%clk 1:31:35]} a6 {[%clk 1:28:22]} 4. Ba4 {[%clk 1:31:59]} Nf6
{[%clk 1:28:45]} 5. O-O {[%clk 1:32:03]} Be7 {[%clk 1:28:54]} 6. Re1 {[%clk
1:32:01]} b5 {[%clk 1:29:16]} 7. Bb3 {[%clk 1:32:27]} d6 {[%clk 1:29:32]} 8. c3
{[%clk 1:32:41]} O-O {[%clk 1:29:49]} 9. h3 {[%clk 1:32:56]} Bb7 {[%clk 1:29:49]}
10. d4 {[%clk 1:32:43]} Re8 {[%clk 1:29:44]} 11. Nbd2 {[%clk 1:32:04]} Nd7 {[%clk
1:27:55]} 12. Nf1 {[%clk 1:30:52]} exd4 {[%clk 1:28:04]} 13. cxd4 {[%clk
1:30:57]} Na5 {[%clk 1:28:08]} 14. Bc2 {[%clk 1:31:16]} Bf6 {[%clk 1:27:43]} 15.
Rb1 {[%clk 1:30:03]} c5 {[%clk 1:27:16]} 16. d5 {[%clk 1:29:01]} Nc4 {[%clk
1:27:30]} 17. b3 {[%clk 1:26:16]} Nce5 {[%clk 1:27:47]} 18. N3h2 {[%clk 1:24:07]}
c4 {[%clk 1:26:03]} 19. f4 {[%clk 1:16:40]} Nd3 {[%clk 1:26:02]} 20. Bxd3 {[%clk
1:11:08]} cxd3 {[%clk 1:26:24]} 21. Ng4 {[%clk 1:01:57]} Bd4+ {[%clk 1:02:13]}
22. Kh2 {[%clk 1:00:44]} h5 {[%clk 0:39:56]} 23. Qxd3 {[%clk 0:52:40]} Ba7 {[%clk
0:40:16]} 24. Nge3 {[%clk 0:52:15]} Nc5 {[%clk 0:40:36]} 25. Qd1 {[%clk 0:49:48]}
Nxe4 {[%clk 0:40:48]} 26. Bb2 {[%clk 0:45:41]} Qh4 {[%clk 0:32:02]} 27. Qf3
{[%clk 0:30:28]} Qf2 {[%clk 0:32:06]} 28. Qxf2 {[%clk 0:23:32]} Nxf2 {[%clk
0:32:29]} 29. Nf5 {[%clk 0:24:00]} Rxe1 {[%clk 0:31:43]} 30. Rxe1 {[%clk
0:22:37]} Nd3 {[%clk 0:31:26]} 31. Re7 {[%clk 0:16:09]} Bxd5 {[%clk 0:29:52]} 32.
Ba1 {[%clk 0:12:18]} g6 {[%clk 0:18:51]} 33. Nxd6 {[%clk 0:09:09]} Nxf4 {[%clk
0:14:41]} 34. g3 {[%clk 0:06:12]} Kf8 {[%clk 0:08:29]} 35. Re1 {[%clk 0:03:54]}
Bf2 {[%clk 0:04:17]} 36. Rd1 {[%clk 0:02:41]} Bf3 {[%clk 0:04:25]} 37. Rd2 {[%clk
0:02:39]} Ne2 {[%clk 0:04:20]} 38. h4 {[%clk 0:01:50]} Rd8 {[%clk 0:01:09]} 39.
Bf6 {[%clk 0:01:56]} Rd7 {[%clk 0:00:54]} 40. Rd3 {[%clk 0:30:46]} Bg1+ {[%clk
0:30:34]} 41. Kh3 {[%clk 0:27:56]} Bc5 {[%clk 0:21:03]} 42. Bg7+ {[%clk 0:15:56]}
Kxg7 {[%clk 0:15:16]} 43. Nf5+ {[%clk 0:16:15]} gxf5 {[%clk 0:15:01]} 44. Rxd7
{[%clk 0:16:41]} f4 {[%clk 0:12:08]} 45. Rd3 {[%clk 0:14:43]} Ng1+ {[%clk
0:06:52]} 46. Kh2 {[%clk 0:14:51]} Be2 {[%clk 0:06:03]} 47. Rd5 {[%clk 0:12:14]}
Bxf1 {[%clk 0:05:33]} 48. Rxc5 {[%clk 0:12:30]} Nf3+ {[%clk 0:05:52]} 0-1

[Event "Greek Team Championship"]
[Site "chess24.com"]
[Date "2017.07.06"]
[Round "5"]
[White "Liapi Zenebisi, Irini"]
[Black "Kartsidima, Aggeliki"]
[Result "1-0"]
[Board "6"]
[WhiteElo "1791"]
[WhiteCountry "GRE"]
[WhiteFideId "4234120"]
[WhiteEloChange "2"]
[BlackElo "1224"]
[BlackCountry "GRE"]
[BlackFideId "25818031"]
[BlackEloChange "-2"]

1. d4 {[%clk 1:30:57]} d5 {[%clk 1:30:50]} 2. c4 {[%clk 1:31:24]} c6 {[%clk
1:30:39]} 3. Nd2 {[%clk 1:30:35]} e6 {[%clk 1:29:23]} 4. Ngf3 {[%clk 1:30:57]} f5
{[%clk 1:27:52]} 5. Ne5 {[%clk 1:28:11]} Bd6 {[%clk 1:26:52]} 6. Ndf3 {[%clk
1:27:56]} Nd7 {[%clk 1:24:49]} 7. b3 {[%clk 1:20:52]} Ngf6 {[%clk 1:16:54]} 8. g3
{[%clk 1:17:13]} Qc7 {[%clk 1:13:54]} 9. Nd3 {[%clk 1:16:22]} b6 {[%clk 1:08:30]}
10. Bg2 {[%clk 1:15:59]} O-O {[%clk 1:07:17]} 11. O-O {[%clk 1:15:57]} Ne4 {[%clk
1:05:39]} 12. Bf4 {[%clk 1:15:00]} Bxf4 {[%clk 1:04:37]} 13. Nxf4 {[%clk
1:14:52]} Ndf6 {[%clk 1:02:25]} 14. e3 {[%clk 1:12:22]} Qe7 {[%clk 0:56:36]} 15.
Ne5 {[%clk 1:10:28]} Bb7 {[%clk 0:56:13]} 16. f3 {[%clk 1:07:55]} Nd6 {[%clk
0:54:44]} 17. Rc1 {[%clk 1:06:32]} Nf7 {[%clk 0:51:00]} 18. Nxf7 {[%clk 1:02:06]}
Qxf7 {[%clk 0:50:46]} 19. Re1 {[%clk 1:02:11]} Rad8 {[%clk 0:47:56]} 20. Nd3
{[%clk 1:01:08]} Nd7 {[%clk 0:46:14]} 21. cxd5 {[%clk 0:47:54]} cxd5 {[%clk
0:46:08]} 22. Rc7 {[%clk 0:47:59]} Ba6 {[%clk 0:42:02]} 23. Rxa7 {[%clk 0:44:07]}
Bxd3 {[%clk 0:40:32]} 24. Qxd3 {[%clk 0:44:34]} Ra8 {[%clk 0:34:58]} 25. Rxa8
{[%clk 0:44:02]} Rxa8 {[%clk 0:35:15]} 26. Qc2 {[%clk 0:44:00]} Nf6 {[%clk
0:34:15]} 27. a4 {[%clk 0:41:00]} Ne8 {[%clk 0:28:40]} 28. Qc6 {[%clk 0:39:24]}
Rb8 {[%clk 0:28:09]} 29. e4 {[%clk 0:37:58]} Qf6 {[%clk 0:21:58]} 30. exf5 {[%clk
0:33:04]} Qxd4+ {[%clk 0:21:03]} 31. Kh1 {[%clk 0:33:32]} e5 {[%clk 0:21:16]} 32.
Qe6+ {[%clk 0:32:07]} Kf8 {[%clk 0:20:01]} 33. Rxe5 {[%clk 0:30:22]} Qd1+ {[%clk
0:18:18]} 34. Re1 {[%clk 0:30:48]} Qxb3 {[%clk 0:18:11]} 35. f4 {[%clk 0:30:51]}
Qxa4 {[%clk 0:17:58]} 36. Bxd5 {[%clk 0:31:09]} 1-0